Fundamentals in nuclear physics: From nuclear structure to cosmology (Record no. 1209967)

MARC details
000 -LEADER
fixed length control field 01068nam a2200301Ia 4500
003 - CONTROL NUMBER IDENTIFIER
control field OSt
005 - DATE AND TIME OF LATEST TRANSACTION
control field 20221007122224.0
008 - FIXED-LENGTH DATA ELEMENTS--GENERAL INFORMATION
fixed length control field 221006b |||||||| |||| 00| 0 eng d
020 ## - INTERNATIONAL STANDARD BOOK NUMBER
International Standard Book Number 8181285034 (hbd)
037 ## - SOURCE OF ACQUISITION
Terms of availability Textual
040 ## - CATALOGING SOURCE
Original cataloging agency PAPL
Transcribing agency PAPL
Language of cataloging eng
041 ## - LANGUAGE CODE
Source of code eng
Language code of text/sound track or separate title eng
100 ## - MAIN ENTRY--PERSONAL NAME
Personal name Basdevant Jean-Louis
9 (RLIN) 713549
245 #0 - TITLE STATEMENT
Title Fundamentals in nuclear physics: From nuclear structure to cosmology
Remainder of title Rich James Spiro Michel
260 ## - PUBLICATION, DISTRIBUTION, ETC.
Place of publication, distribution, etc. New
Name of publisher, distributor, etc. Delhi Springer (India) Pvt. Ltd.
Date of publication, distribution, etc. 2005
300 ## - PHYSICAL DESCRIPTION
Extent xiii,515p. ill.
Dimensions cm.
500 ## - GENERAL NOTE
General note Includes bibliographical references; Index 511-515p
650 ## - SUBJECT ADDED ENTRY--TOPICAL TERM
Topical term or geographic name entry element Nuclear physics
9 (RLIN) 543687
650 ## - SUBJECT ADDED ENTRY--TOPICAL TERM
Topical term or geographic name entry element Physics
700 ## - ADDED ENTRY--PERSONAL NAME
Personal name Rich James
9 (RLIN) 713551
700 ## - ADDED ENTRY--PERSONAL NAME
Personal name Spiro Michel
9 (RLIN) 713552
942 ## - ADDED ENTRY ELEMENTS (KOHA)
Classification part C9B3, P5;1 Carpa
Koha item type Textual
Source of classification or shelving scheme Colon Classification (CC)
Holdings
Withdrawn status Lost status Source of classification or shelving scheme Damaged status Not for loan Home library Current library Date acquired Source of acquisition Total Checkouts Full call number Barcode Date last seen Price effective from Koha item type
    Colon Classification (CC)     Department of Physics and Astrophysics Library Department of Physics and Astrophysics Library 2022-10-07 9947, 26/12/2007, Asian Books Pvt. Ltd.   C9B3 P5;1 Carpa PA0006071 2022-10-07 2022-10-07 Textual
Copyright @ Delhi University Library System